000 00688nam a2200205Ii 4500
003 JO-AjNU
008 230605s9999||||xx |||||||||||||| ||und||
040 _aJO-AjNU
_bara
_erda
_cJO-AjNU
041 _aara
050 1 4 _aDS38.3.M37 1997
100 3 _aالمراشدة، علي محمد تاليف,
_eauthor
_934855
245 0 0 _aاليرموك: الاستراتيجية والحسم
250 _aط1
264 3 1 _aعمان: وزارة الثقافة، 1997
300 _a275ص
336 _atext
_btxt
_2rdacontent
337 _aunmediated
_bn
_2rdamedia
338 _avolume
_bnc
_2rdacarrier
650 4 _aمعارك اسلامية -تاريخ ، معركة اليرموك
_934856
999 _aA14332
_c17900
_d17900